[Event "Sochi Chigorin Memorial"]
[Site "Sochi"]
[Date "1986.??.??"]
[Round "5"]
[White "Beliavsky, Alexander G"]
[Black "Gligoric, Svetozar"]
[Result "1/2-1/2"]
[WhiteElo "2585"]
[BlackElo "2520"]
[Annotator "ChessBase"]
[PlyCount "83"]
[EventDate "1986.09.??"]
[EventType "tourn"]
[EventRounds "15"]
[EventCountry "URS"]
[EventCategory "12"]
[SourceTitle "MCL"]
[Source "ChessBase"]
[SourceDate "1999.07.01"]
[SourceVersion "1"]
[SourceVersionDate "1999.07.01"]
[SourceQuality "1"]

1. e4 e5 2. Nf3 Nc6 3. Bb5 a6 4. Ba4 Nf6 5. O-O Be7 6. Re1 b5 7. Bb3 O-O 8. h3
d6 9. c3 Bb7 10. d4 Re8 11. Nbd2 Bf8 12. a4 h6 13. Bc2 Rb8 14. Bd3 Bc8 15. Nf1
Bd7 16. Ng3 Qc8 17. Bf1 Qb7 18. a5 Qc8 19. Nh2 Ne7 20. f4 exf4 21. Bxf4 Ng6 22.
Bd2 c5 23. Nf3 (23. Qf3 $5 Be7 24. Bd3 $14) 23... c4 $10 24. b3 cxb3 25. Qxb3
Be6 26. Qc2 Bc4 27. Nh2 Rb7 28. Bd3 Qc6 29. Re2 Rbe7 30. Rae1 Qc7 31. Rf1 Re6
32. Ra1 Bxd3 33. Qxd3 Qc4 34. Qxc4 bxc4 35. Rae1 Rb8 36. Nf3 Rb5 37. Ra1 Re8
38. Ra4 Rc8 39. Kf2 d5 40. Re1 Rb2 41. Kf1 Rb3 42. Ne5 1/2-1/2

[Event "Candidates Tournament Montpellier"]
[Site "Montpellier"]
[Date "1985.10.??"]
[Round "5"]
[White "Beliavsky, Alexander G"]
[Black "Tal, Mihail"]
[Result "1/2-1/2"]
[WhiteElo "2640"]
[BlackElo "2565"]
[Annotator "ChessBase"]
[PlyCount "41"]
[EventDate "1985.10.13"]
[EventType "tourn"]
[EventRounds "15"]
[EventCountry "FRA"]
[EventCategory "14"]
[SourceTitle "Candidates"]
[Source "ChessBase"]
[SourceDate "1999.07.01"]
[SourceVersion "2"]
[SourceVersionDate "1999.07.01"]
[SourceQuality "1"]

1. e4 e5 2. Nf3 Nc6 3. Bb5 a6 4. Ba4 Nf6 5. O-O Be7 6. Re1 b5 7. Bb3 d6 8. c3
O-O 9. h3 Be6 10. d4 Bxb3 11. Qxb3 d5 12. exd5 (12. Bg5 dxe4 13. Nxe5 Nxe5 14.
dxe5 Nd7 $10) 12... Na5 13. Qd1 (13. Qc2 $142) 13... exd4 14. Nxd4 Re8 15. b4
$5 (15. a4) 15... Nc4 16. a4 bxa4 17. Nd2 Qxd5 (17... Nxd2 18. Bxd2 $1) 18.
Rxa4 Nxd2 19. Bxd2 Ne4 20. Ra5 c5 21. Qf3 (21. bxc5 Bxc5 22. Qa4 Re7 $13)
1/2-1/2

[Event "Rome"]
[Site "Rome"]
[Date "1984.??.??"]
[Round "5"]
[White "Sax, Gyula"]
[Black "Rivas Pastor, Manuel"]
[Result "1/2-1/2"]
[WhiteElo "2575"]
[BlackElo "2500"]
[Annotator "ChessBase"]
[PlyCount "73"]
[EventDate "1984.02.??"]
[EventType "tourn"]
[EventRounds "9"]
[EventCountry "ITA"]
[EventCategory "9"]
[SourceTitle "MCL"]
[Source "ChessBase"]
[SourceDate "1999.07.01"]
[SourceVersion "1"]
[SourceVersionDate "1999.07.01"]
[SourceQuality "1"]

1. e4 e5 2. Nf3 Nc6 3. Bb5 a6 4. Ba4 Nf6 5. O-O Be7 6. Re1 b5 7. Bb3 d6 8. c3
O-O 9. h3 Re8 10. d4 Bb7 11. a4 h6 12. Nbd2 Bf8 13. Bc2 Nb8 14. Bd3 c6 15. Nf1
{N} (15. b3) 15... Nbd7 16. Ng3 g6 17. Bd2 $6 (17. h4 $1 $14) 17... Nh7 $1 18.
Qc1 $6 h5 19. Qd1 Bg7 20. Bc2 $5 Nb6 (20... Qc7 $10) 21. b3 bxa4 22. bxa4 a5
23. Bd3 Ba6 24. Bxa6 Rxa6 25. dxe5 dxe5 $10 26. Qe2 Ra8 27. Be3 Qc7 28. Nd2 Nf8
29. Reb1 Reb8 30. Nc4 Nxc4 31. Qxc4 Ne6 32. Nf1 Kh7 33. Nd2 Bh6 34. Bxh6 Kxh6
35. Nf3 Kg7 36. g3 Rd8 37. Rd1 1/2-1/2

[Event "London Phillips&Drew"]
[Site "London"]
[Date "1984.05.02"]
[Round "6"]
[White "Karpov, Anatoly"]
[Black "Miles, Anthony John"]
[Result "1-0"]
[WhiteElo "2700"]
[BlackElo "2565"]
[Annotator "ChessBase"]
[PlyCount "63"]
[EventDate "1984.04.26"]
[EventType "tourn"]
[EventRounds "13"]
[EventCountry "ENG"]
[EventCategory "14"]
[SourceTitle "MCL"]
[Source "ChessBase"]
[SourceDate "1999.07.01"]
[SourceVersion "1"]
[SourceVersionDate "1999.07.01"]
[SourceQuality "1"]

1. e4 e5 2. Nf3 Nc6 3. Bb5 a6 4. Ba4 Nf6 5. O-O Be7 6. Re1 b5 7. Bb3 d6 8. c3
O-O 9. h3 Bb7 10. d4 Re8 11. a4 Bf8 (11... h6 $142) 12. d5 Na5 13. Ba2 c6 14.
Na3 cxd5 $16 (14... Rc8 $5 15. axb5 axb5 16. b4 Nc4 $14) 15. exd5 bxa4 (15...
Rc8 $16) 16. Qxa4 Nxd5 (16... Bxd5 17. Bxd5 Nxd5 18. Nc2 $1 Nb7 19. Qc6 $18)
17. Ng5 $1 Re7 (17... h6 18. Nxf7 $1 Kxf7 19. Rd1 Kg8 20. Rxd5 Bxd5 21. Bxd5+
Kh8 22. Bxa8 Qxa8 23. Qxa5 $18) 18. b4 Nxc3 19. Qc2 $1 $18 g6 20. Qxc3 Rc8 21.
Qg3 Nc6 22. Qh4 h5 23. Qe4 Bg7 24. Qxg6 d5 25. Qh7+ Kf8 26. Ne4 Re6 27. Nc5 Rg6
28. Nxb7 Qd7 29. Qxh5 Nxb4 30. Na5 Nd3 31. Bd2 Qa4 32. Qf5 1-0

[Event "Biel"]
[Site "Biel"]
[Date "1986.07.21"]
[Round "2"]
[White "Huebner, Robert"]
[Black "Hort, Vlastimil"]
[Result "1/2-1/2"]
[WhiteElo "2620"]
[BlackElo "2545"]
[Annotator "Dolmatov,S"]
[PlyCount "81"]
[EventDate "1986.07.20"]
[EventType "tourn"]
[EventRounds "11"]
[EventCountry "SUI"]
[EventCategory "12"]
[SourceTitle "MCL"]
[Source "ChessBase"]
[SourceDate "1999.07.01"]
[SourceVersion "1"]
[SourceVersionDate "1999.07.01"]
[SourceQuality "1"]

1. e4 e5 2. Nf3 Nc6 3. Bb5 a6 4. Ba4 Nf6 5. O-O Be7 6. Re1 b5 7. Bb3 O-O 8. c3
d6 9. h3 Bb7 10. d4 Re8 11. Nbd2 Bf8 12. Bc2 g6 13. b3 b4 (13... d5 14. dxe5
Nxe5 15. Nxe5 Rxe5 16. Nf3 Rxe4 17. Bxe4 Nxe4 18. Qc2 Bg7 $44 {Rodriguez,
Am-Beliavsky,A/Bogota/1979/}) (13... Nb8 14. a4 Nbd7 15. Bd3 $14) 14. d5 bxc3
15. Nc4 Nb4 16. Na5 Bc8 (16... Rb8 17. a3 Nxc2 18. Qxc2 c5 19. Qxc3 $16) 17. a3
Nxc2 18. Nc6 $6 (18. Qxc2 $32 c5 19. Qxc3 Bd7 20. Nd2 $14) 18... Nxe1 $8 19.
Nxd8 Nxg2 20. Kxg2 (20. Nxf7 Nf4 $44) 20... Rxd8 21. Bg5 Bg7 22. Rc1 Bd7 23.
Bxf6 (23. Qe1 $6 Rdc8 24. Rxc3 Nh5 $40) 23... Bxf6 24. Rxc3 Rdc8 25. Qc1 Ra7
26. Ne1 Kg7 $6 (26... Bg7 27. Nd3 f5 28. Nb4 Bf6 29. Nc6 Rb7 30. Na5 Ra7 $10)
27. Nd3 a5 28. b4 (28. a4 Rb7 $44) 28... a4 29. Nb2 Bb5 $6 30. Nc4 Rd8 31. Ne3
$1 (31. Na5 Rc8 32. Qe3 Rca8 $44) 31... Rc8 32. Ng4 Be7 33. Qh6+ Kg8 34. h4 $6
(34. f4 $1 exf4 35. Qxf4 $16) 34... Bd7 35. Rg3 c5 36. bxc5 Rxc5 $10 37. h5
Bxg4 38. Rxg4 Rac7 39. Rg3 Rc3 40. hxg6 hxg6 41. Rh3 1/2-1/2

[Event "Capablanca Memorial-A 21st"]
[Site "Havana"]
[Date "1986.06.02"]
[Round "11"]
[White "Diaz Diaz, Joaquin Carlos"]
[Black "Ivkov, Borislav"]
[Result "0-1"]
[WhiteElo "2365"]
[BlackElo "2525"]
[Annotator "Dolmatov,S"]
[PlyCount "80"]
[EventDate "1986.05.20"]
[EventType "tourn"]
[EventRounds "13"]
[EventCountry "CUB"]
[EventCategory "10"]
[SourceTitle "MCL"]
[Source "ChessBase"]
[SourceDate "1999.07.01"]
[SourceVersion "1"]
[SourceVersionDate "1999.07.01"]
[SourceQuality "1"]

1. e4 e5 2. Nf3 Nc6 3. Bb5 a6 4. Ba4 Nf6 5. O-O Be7 6. Re1 b5 7. Bb3 d6 8. c3
O-O 9. h3 Nd7 10. d4 Nb6 11. Nbd2 Bf6 12. Nf1 Re8 13. Ng3 g6 14. Bh6 a5 15. Bc2
(15. a3 $14) 15... exd4 16. cxd4 Nc4 17. Rb1 (17. Bc1 Nb4 18. b3 Nxc2 19. Qxc2
Nb6 20. Bb2 $14) 17... Nb4 18. Bb3 c5 (18... a4 19. a3 $5 axb3 20. axb4 Be6 21.
d5 Bd7 22. Qxb3 c6 $14) 19. a3 Nc6 20. Bxc4 bxc4 21. dxc5 dxc5 22. e5 Bh8 (
22... Qxd1 $6 23. Rbxd1 Bg7 24. Bxg7 Kxg7 25. Rd5 $16) 23. Qa4 Nxe5 24. Nxe5
Rxe5 25. Rxe5 Bxe5 26. Re1 $2 (26. Qxc4 $10) (26. Rd1 Bd4 27. Ne4 $10) 26...
Bd7 27. Qxc4 Bxb2 28. Qxc5 Rc8 29. Qe3 Bc6 (29... Be6 30. Ne4 Bd4 $15) 30. Ne4
Qd5 31. Qg3 $2 (31. Qe2 $5 Bc3 (31... Bd4 $6 32. Rd1 Re8 33. Nf6+) 32. Bd2 $15)
31... Re8 32. f3 f5 33. Ng5 Rxe1+ 34. Qxe1 Qc5+ 35. Kh2 (35. Kh1 Qc1 36. Qxc1
Bxc1 $19) 35... Qe5+ 36. Qg3 Qxg3+ 37. Kxg3 Bxa3 38. Ne6 a4 39. Nd4 Bd5 40. Nb5
Bb2 0-1

[Event "FIDE World Cup"]
[Site "Baku"]
[Date "2015.09.11"]
[Round "1.1"]
[White "Edouard, Romain"]
[Black "Smirin, Ilia"]
[Result "0-1"]
[WhiteElo "2630"]
[BlackElo "2655"]
[Annotator "Edouard,R"]
[PlyCount "74"]
[EventDate "2015.09.11"]
[EventType "k.o."]
[EventRounds "7"]
[EventCountry "AZE"]
[SourceTitle "CBM 169"]
[Source "ChessBase"]
[SourceDate "2015.11.10"]
[SourceVersion "1"]
[SourceVersionDate "2015.11.10"]
[SourceQuality "1"]

1. e4 e5 2. Nf3 Nc6 3. Bb5 a6 4. Ba4 Nf6 5. O-O Be7 6. Re1 b5 7. Bb3 d6 8. c3
O-O 9. h3 Bb7 10. d4 Re8 11. Nbd2 exd4 $5 {A new, trendy line.} 12. cxd4 {
The following lines are critical:} Nd7 13. a3 $6 $146 {Trying to be creative
iwhen faced with a line I had no idea about. My idea was to be ready to play
b4 every time Black goes ...Na5 and ...c5, and possibility to sometimes hide
the bishop on a2. However it simply does not work.} ({The following lines are
critical:} 13. Nf1 Na5 14. Bc2 Bf6 15. Rb1 (15. Bf4 Nf8 16. Ng3 Ne6 17. Bd2 (
17. Bc1 $5 g6 $13) 17... Nc4 18. Bc3 c5 19. e5 dxe5 20. dxe5 Be7 21. b3 b4 $13
{1/2-1/2 (32) Motylev,A (2658)-Svidler,P (2739) Chita RUS 2015}) 15... c5 16.
d5 Nc4 17. b3 Nce5 18. N3h2 Ng6 19. Ng3 Bc8 20. Rf1 Nb6 21. Ng4 Bxg4 22. hxg4
h6 23. Nf5 Ne7 $13 {0-1 (41) Giri,A (2793)-Svidler,P (2727) Baku AZE 2015})
13... Bf6 14. d5 ({At this moment I realised} 14. Nf1 Na5 15. Bc2 c5 16. b4 {
was failing due to two reasons:} Nc4 (16... cxd4 17. Qd3 $6 g6 18. bxa5 $2 Nc5
$19) 17. bxc5 dxc5 18. e5 Bxf3 19. Qxf3 $2 cxd4 $19) 14... Nce5 (14... Na5 15.
Ba2 c6 {is just slightly better for Black.}) 15. Nxe5 Nxe5 16. Nf1 $6 ({
It was time to go for a draw with} 16. Nf3) 16... Nc4 17. Bxc4 bxc4 18. Nd2 $2
(18. Bd2 $1 {was the last chance to sort of equalise:} c6 (18... Bxb2 $6 19.
Rb1 c3 20. Bc1 $14) 19. Qf3 cxd5 20. exd5 Bxb2 21. Rab1 c3 22. Rxe8+ Qxe8 23.
Bxc3 Bxd5 24. Qxd5 Bxc3 25. Qxd6 $11) 18... c6 19. dxc6 (19. Nxc4 cxd5 20. exd5
Rxe1+ 21. Qxe1 Bxd5 $15) 19... Bxc6 20. Nxc4 d5 $1 (20... Rxe4 21. Rxe4 Bxe4
22. Nxd6 {would hold due to} Be5 $6 23. Bf4 $1 $14) 21. Ne3 (21. e5 dxc4 22.
exf6 Qxf6 23. Re3 {was needed, although Black is better.}) (21. exd5 $2 Qxd5
$19) 21... Rxe4 22. Rb1 $2 {That's one nonsense move too many, now the
position is just lost!} (22. Ng4 Ba4 23. Nxf6+ Qxf6 24. Qd2 Rae8 25. Rxe4 Rxe4
26. Qa5 h6 27. Bd2 Qxb2 28. Re1 {was the only chance to possibly hold a draw.})
22... h5 $5 {[%csl Gg4]} (22... d4 23. Ng4 Rxe1+ 24. Qxe1 h5 25. Nxf6+ Qxf6 {
followed by ...Qg6 wins.}) 23. Bd2 (23. Qxh5 $6 d4 24. Rd1 Rh4 25. Qc5 (25. Qe2
Qe8 $19) 25... Rc8 $19) 23... d4 24. Nc2 Qd5 25. f3 Rxe1+ 26. Bxe1 a5 27. Bf2
Rd8 28. b3 Bd7 (28... Qf5 $5) 29. Ne3 Qc5 30. Nc4 Bf5 31. Rc1 Bg5 32. Ra1 (32.
Nd2 Qc3 $5 $19 (32... Qxa3 $19)) 32... a4 33. h4 Bf6 34. Nd2 Bc2 35. Qc1 Qc3
36. bxa4 d3 37. Ra2 Re8 0-1